<?xml version="1.0" encoding="UTF-8"?>
<collection xmlns="http://www.loc.gov/MARC21/slim">
 <record>
  <leader>00448pamaa2200157   4500</leader>
  <controlfield tag="001">0000015410</controlfield>
  <controlfield tag="005">20060728090000.0</controlfield>
  <datafield tag="020" ind1="0" ind2="0">
   <subfield code="a">0673525090 </subfield>
  </datafield>
  <datafield tag="090" ind1="0" ind2="0">
   <subfield code="a">PN6014 </subfield>
   <subfield code="b">LIT 1995</subfield>
  </datafield>
  <datafield tag="245" ind1="1" ind2="0">
   <subfield code="a">LITERATURE : </subfield>
   <subfield code="b">an introduction to fiction, poetry and drama  </subfield>
   <subfield code="c">X.J. Kennedy, Diana Givia.</subfield>
  </datafield>
  <datafield tag="250" ind1="0" ind2="0">
   <subfield code="a">6th ed.</subfield>
  </datafield>
  <datafield tag="260" ind1="0" ind2="0">
   <subfield code="a">New York: </subfield>
   <subfield code="b">HarperCollins, </subfield>
   <subfield code="c">1995.</subfield>
  </datafield>
  <datafield tag="300" ind1=" " ind2=" ">
   <subfield code="a">xlviii, 1859p; </subfield>
   <subfield code="c">24cm.</subfield>
  </datafield>
  <datafield tag="650" ind1="0" ind2="0">
   <subfield code="a">Literature </subfield>
  </datafield>
  <datafield tag="700" ind1="1" ind2="1">
   <subfield code="a">Kennedy, </subfield>
   <subfield code="h">X.J </subfield>
  </datafield>
  <datafield tag="700" ind1="1" ind2="1">
   <subfield code="a">GioiaDiana </subfield>
  </datafield>
 </record>
</collection>
